000 00483nam a2200205Ia 4500
003 0100
008 130303s9999 xx 000 0 und d
040 _cARRUPELIB
050 _aB188.P69 1992
100 _aMourelatos, Alexander P.D. (ed)
245 4 _aThe Pre-Socratics
245 _ba collection of critical essays
260 _aPrinceton NJ
260 _bPrinceton UP
260 _C1992
300 _a559p.
300 _b 23cm
650 _bAesthetics
942 0 0 _01
999 _c19733
_d19733